000 00813nas a2200277 4500
001 BR2012000092
003 BR-BrBNA
005 20231205115933.0
007 ta
008 230509b bl.|||p| |||| 00| 00por d
040 _aBR-BrBNA
_bpor
_cBiblioteca Nacional de Agricultura
041 _a(Pt)
072 _aL73
100 1 _aRuggiero, P.C.
100 1 _aZacariotti, R.L.
100 1 _aBondan, E.F.
100 1 _aLallo, M.A.
245 1 _aPrevalência de Cryptosporidium serpentis em serpentes de cativeiro
650 _aCRIAÇÃO EM CATIVEIRO
650 _aCOBRA
650 _aDOENÇA ANIMAL
650 _aPROTOZOÁRIO
773 0 _tCiência Rural (Brazil)
_xISSN 0103-8478
_g(Nov 2011), v. 41(11) p. 1975-1978
_wBR2012000092
909 _a202311
_bLúcia
_c55
_dLúcia Elande
942 _2AGRIS
_n0
_cANA
999 _c216381
_d216381